• 首页
  • 本馆介绍
  • 公告通知
  • 最新文献
  • 馆藏检索
  • 电子资源
  • 读者导购
  • 参考咨询
  • 我的图书馆
  • 登录
  • 详细信息显示
  • 放入我的书架
  • 预约/预借图书
  • 作者相关作品
  • 分类相关作品
  • 丛书相关作品
  • 出版社相关作品

书目信息

  • 表格格式
  • 工作单格式
  • 卡片格式
题名:
农副产品深加工
    
 
作者: 姜军平 , 唐俊昌 主编
分册:  
出版信息: 西安   西安交通大学出版社  2000
页数: 454页
开本: 20cm
丛书名:
单 册:
中图分类: TQ91
科图分类:
主题词: 农产品--化学加工 , 生物工程--应用--农副产品--加工
电子资源:
ISBN: 7-5605-1317-4
000 00775nam0 2200229 45
001 0309290080
005 20031219104119.0
010    @a7-5605-1317-4@dCNY28.00
100    @a20030929d2000 km y0chiy0120 ea
101 0  @achi
105    @a z 000yy
200 1  @a农副产品深加工@ANong Fu Chan Pin Shen Jia Gong@e实用生物化工技术@EShi Yong Sheng Wu Hua Gong Ji Shu@f姜军平,唐俊昌主编@FJiang Jun Ping,Tang Jun Chang Zhu Bian
210    @a西安@c西安交通大学出版社@d2000
215    @a454页@d20cm
517    @a实用生物化工技术@AShi Yong Sheng Wu Hua Gong Ji Shu
606 0  @a农产品@x化学加工
606 0  @a生物工程@x应用@x农副产品@x加工
690    @aTQ91@v4
701  0 @a姜军平@4主编
701  0 @a唐俊昌@4主编
801    @aCN@bTSTC@c20030929
905    @b326349-353@dTQ91@e8@f5
    
    农副产品深加工:实用生物化工技术/姜军平,唐俊昌主编.-西安:西安交通大学出版社,2000
    454页;20cm
    
    
    ISBN 7-5605-1317-4:CNY28.00
    
●
相关链接 在E读中查询图书 在五车中查询图书 在当当中查询图书 在豆瓣中查询图书


正题名:农副产品深加工     索取号:TQ91/8         预约/预借

序号 登录号 条形码 馆藏地/架位号 状态 备注
1 0326349   203263495   第三借阅区/ [索取号:TQ91/8] 在馆    
2 0326350   203263501   第三借阅区/ [索取号:TQ91/8] 在馆    
3 0326351   203263510   第三借阅区/ [索取号:TQ91/8] 在馆    
4 0326352   203263529   第三借阅区/ [索取号:TQ91/8] 在馆    
5 0326353   203263538   第二样本阅览室/ [索取号:TQ91/8] 在馆    
唐山师范学院图书馆 欢迎您!
大连网信软件有限公司© 版权所有